| 000 | 00605nam a22001937a 4500 | ||
|---|---|---|---|
| 005 | 20260416095502.0 | ||
| 008 | 260416b |||||||| |||| 00| 0 eng d | ||
| 020 | _a9789332902626 | ||
| 040 | _cAL | ||
| 041 | _aEnglish | ||
| 082 |
_a621.380414 _bSINO |
||
| 100 |
_aJasprit Singh _9261755 |
||
| 245 |
_aOptoelectronics _b: An Introduction to materials and devices |
||
| 260 |
_aNew Delhi _bMcGraw Hill education private limited _c2016 |
||
| 300 |
_axxxiii,537 p. _bPB _c23x17 cm. |
||
| 365 |
_aVBI-2645 _b₹821.25 _c₹ _d₹1095.00 _e25% _f20-02-2026 |
||
| 650 |
_aLaser diode _9261756 |
||
| 942 |
_2ddc _cBK |
||
| 999 |
_c241256 _d241256 |
||